Die On This Hill - Sienna Spiro [paroles] - Statistiques

Statistiques générales
  • Ce quiz a été pris 25 fois
    19 depuis la dernière actualisation
  • Le résultat moyen est 192 sur 238
Statistiques - réponses
Answers % Correct
a
100%
A
100%
blind
100%
blind,
100%
for
100%
I
100%
I'm
100%
my
100%
No,
100%
not
100%
pride,
100%
you
100%
You
100%
die
91%
do
91%
don't
91%
don't,
91%
hill
91%
just
91%
life
91%
on
91%
stand
91%
take
91%
the
91%
The
91%
thrill
91%
to
91%
To
91%
tonight
91%
always
82%
always,
82%
be
82%
creative
82%
here
82%
it
82%
me
82%
more
82%
that
82%
this
82%
through
82%
way
82%
will
82%
your
82%
and
73%
And
73%
'cause
73%
face,
73%
God,
73%
I'll
73%
matter
73%
need
73%
say
73%
something
73%
stay,
73%
wish
73%
word,
73%
book,
64%
day
64%
Got
64%
know
64%
Know
64%
leaving
64%
look
64%
nothing
64%
now,
64%
now
64%
oh,
64%
page
64%
poetic
64%
seeing
64%
someone
64%
world,
64%
world
64%
at
55%
could
55%
have
55%
least
55%
meaning
55%
night
55%
they
55%
took
55%
words
55%
all
45%
But
45%
can
45%
care
45%
impatient
45%
kept
45%
leaves
45%
levels
45%
loved
45%
mattered
45%
medal?
45%
out
45%
said
45%
There'll
45%
wrote
45%
is
36%
stubborn,
36%
want
36%
Well,
36%
whole
36%
Yeah,
36%
his
27%
Starved
27%
Aucun quiz correspondant
Distribution des résultats
% des personnes avec chaque résultat
Percentile par nombre de réponses
Votre historique - résultats
Vous n’avez pas pris ce quiz depuis la dernière actualisation